000 00436pab a2200181 454500
008 180718b2011 xxu||||| |||| 00| 0 eng d
100 _aSingh, Ranbir
245 _aCorruption in Indian politics
260 _c2011
300 _ap.16-21.
362 _aJun
650 _aCorruption - India
650 _aPolitical corruption - India
650 _aPolitical corruption
773 _aThird Concept
908 _aN
909 _a91748
999 _c91748
_d91748